| 000 | 00375nam a2200145Ia 4500 | ||
|---|---|---|---|
| 008 | 230917s9999||||xx |||||||||||||| ||und|| | ||
| 040 |
_e132730 _aMAIN |
||
| 041 | _aEnglish | ||
| 082 | _a658.3 R18I | ||
| 100 | _aRao, P.L. | ||
| 245 | 0 | _aInternational human resource management text and cases | |
| 260 |
_aNew Delhi _bExcel Books _c2008 |
||
| 300 | _a407p p. | ||
| 942 | _cBK | ||
| 999 |
_c144335 _d144335 |
||